000 00379pab a2200157 454500
008 180718b2000 xxu||||| |||| 00| 0 eng d
100 _aStewart, Alan
245 _aThe role of the Wildlife liaison officer in police work
260 _c2000
300 _ap.80-84
362 _aJan
650 _aWild animals
650 _aPolice
773 _aPolice Journal
909 _a45138
999 _c45138
_d45138